00686nam a2200229Ia 450000500170000000800460001703700110006304000080007404000080008204000080009004100080009804100080010608400080011410000480012224500900017026000090026030000100026970000610027994200070034099900210034795200880036820260430150722.0008 250103s9999 xx 000 0 eng d aTheses aCRL beng ceng 2eng aeng qCRL aKhanam Atiya Au.; Iffat Zarrin Gu.91238291 0aNaye Urdu afsane (1980 ke baad) ki zuban mein hone wali tabdiliyon ka tanqeedi jayeza c2024 a327p. aUniversity of Delhi. Faculty of Arts. Department of Urdu cTH c1850461d1850461 00104070aCRLbCRLd2026-04-30l0pTH0027818r2026-04-30 15:07:22w2026-04-30yTH